Southville International School and Colleges
Your cart is empty.
  • Cart
  • Lists
    Public lists Eva Luna New books Lux_list list_1
    Your lists Log in to create your own lists
  • Log in to your account
  • Your cookies
  • Search history
Southville International School and Colleges
  • Advanced search
  • Recent comments
  • Most popular
  • Libraries

Log in to your account

Log in with GOOGLE


If you do not have an external account, but do have a local account, you can still log in:

  1. Home
  2. MARC view: Mga alamat, pabula at marami pang kuwento (tulong sa mag-aaral) :
Normal view MARC view ISBD view

Mga alamat, pabula at marami pang kuwento (tulong sa mag-aaral) : (Record no. 3330)

[ view plain ]
MARC details
000 -LEADER
fixed length control field 00509nam a22001697a 4500
003 - CONTROL NUMBER IDENTIFIER
control field OSt
005 - DATE AND TIME OF LATEST TRANSACTION
control field 20140310181753.0
008 - FIXED-LENGTH DATA ELEMENTS--GENERAL INFORMATION
fixed length control field 130628t xxu||||| |||| 00| 0 eng d
020 ## - INTERNATIONAL STANDARD BOOK NUMBER
International Standard Book Number 9718855033
050 ## - LIBRARY OF CONGRESS CALL NUMBER
Classification number GR 325
Item number .Al318 1996
082 ## - DEWEY DECIMAL CLASSIFICATION NUMBER
-- FIL 899.211
Item number Z5 1996
245 ## - TITLE STATEMENT
Title Mga alamat, pabula at marami pang kuwento (tulong sa mag-aaral) :
Statement of responsibility, etc Zeus
Remainder of title ikalawang aklat :
260 ## - PUBLICATION, DISTRIBUTION, ETC. (IMPRINT)
Place of publication, distribution, etc Manila, Philippines :
Name of publisher, distributor, etc Zues Publishing
Date of publication, distribution, etc 1996.
300 ## - PHYSICAL DESCRIPTION
Extent 100 p. :
Other physical details ill. ;
Dimensions 21 cm.
942 ## - ADDED ENTRY ELEMENTS (KOHA)
Source of classification or shelving scheme Library of Congress Classification
Koha item type Books
Holdings
Withdrawn status Lost status Source of classification or shelving scheme Damaged status Home library Current library Shelving location Date acquired Total Checkouts Full call number Barcode Date last seen Date checked out Copy number Price effective from Koha item type
    Library of Congress Classification   Luxembourg Library Luxembourg Library Filipiniana Section 06/28/2013 1 GR 325 .Al318 1996 14368 01/22/2018 01/17/2018 1 06/28/2013 Books

Mga alamat, pabula at marami pang kuwento (tulong sa mag-aaral) :

APA

(1996). Mga alamat, pabula at marami pang kuwento (tulong sa mag-aaral). Manila, Philippines: Zues Publishing.

Chicago

1996. Mga alamat, pabula at marami pang kuwento (tulong sa mag-aaral). Manila, Philippines: Zues Publishing.

Harvard

(1996). Mga alamat, pabula at marami pang kuwento (tulong sa mag-aaral). Manila, Philippines: Zues Publishing.

MLA

Mga alamat, pabula at marami pang kuwento (tulong sa mag-aaral). Manila, Philippines: Zues Publishing. 1996.

  • Place hold
  • Print
  • Cite
  • Add to your cart (remove)
  • Save record
    BIBTEX Dublin Core MARCXML MARC (non-Unicode/MARC-8) MARC (Unicode/UTF-8) MARC (Unicode/UTF-8, Standard) MODS (XML) RIS
  • More searches
    Search for this title in:
    Other Libraries (WorldCat) Other Databases (Google Scholar) Online Stores (Bookfinder.com) Open Library (openlibrary.org)

Exporting to Dublin Core...

SOUTHVILLE LIBRARY

Southville International School and Colleges Library

1281 Tropical Ave. Cor. Luxembourg St., BF Homes International, Las Pinas City

Tel. No. 8256374 / 252358 Loc. 117/146

Powered by Koha